<?xml version="1.0" encoding="UTF-8"?><?xml-stylesheet type="text/xsl" href="static/style.xsl"?><OAI-PMH xmlns="http://www.openarchives.org/OAI/2.0/" xmlns:xsi="http://www.w3.org/2001/XMLSchema-instance" xsi:schemaLocation="http://www.openarchives.org/OAI/2.0/ http://www.openarchives.org/OAI/2.0/OAI-PMH.xsd"><responseDate>2026-04-18T02:28:27Z</responseDate><request verb="GetRecord" identifier="oai:www.recercat.cat:2072/415204" metadataPrefix="marc">https://recercat.cat/oai/request</request><GetRecord><record><header><identifier>oai:recercat.cat:2072/415204</identifier><datestamp>2026-03-25T03:44:50Z</datestamp><setSpec>com_2072_98</setSpec><setSpec>col_2072_378192</setSpec></header><metadata><record xmlns="http://www.loc.gov/MARC21/slim" xmlns:dcterms="http://purl.org/dc/terms/" xmlns:xsi="http://www.w3.org/2001/XMLSchema-instance" xmlns:doc="http://www.lyncode.com/xoai" xsi:schemaLocation="http://www.loc.gov/MARC21/slim http://www.loc.gov/standards/marcxml/schema/MARC21slim.xsd">
   <leader>00925njm 22002777a 4500</leader>
   <datafield ind2=" " ind1=" " tag="042">
      <subfield code="a">dc</subfield>
   </datafield>
   <datafield ind2=" " ind1=" " tag="720">
      <subfield code="a">de Oliveira, Danielle B. Guimarães</subfield>
      <subfield code="e">author</subfield>
   </datafield>
   <datafield ind2=" " ind1=" " tag="720">
      <subfield code="a">Boccardo, Lilian</subfield>
      <subfield code="e">author</subfield>
   </datafield>
   <datafield ind2=" " ind1=" " tag="720">
      <subfield code="a">Razera, Julio C. Castilho</subfield>
      <subfield code="e">author</subfield>
   </datafield>
   <datafield ind2=" " ind1=" " tag="260">
      <subfield code="c">2013</subfield>
   </datafield>
   <datafield ind2=" " ind1=" " tag="520">
      <subfield code="a">A Zoologia ensinada desde as séries iniciais distancia-se das atuais propostas para um ensino evolutivo. As visões utilitaristas e antropocêntricas sobre os animais são prevalentes e dificultam a formação de conceitos e a aprendizagem sobre Evolução em séries escolares posteriores. Com basesnesses pressupostos foi desenvolvida uma pesquisa de intervenção com 16 alunos de 3º ano do Ensino Fundamental, objetivando-se identificar, descrever e analisar os aspectos potenciais e limitantes de um processo educativo de Zoologia Evolutiva nas séries iniciais da escola básica, utilizando-se fundamentos teórico-práticos de Ausubel e Vigotski. As conclusões dessa experiência orientam-se para uma real e consistente possibilidade de aprendizagem significativa de Zoologia Evolutiva nas séries iniciais.</subfield>
   </datafield>
   <datafield tag="653" ind2=" " ind1=" ">
      <subfield code="a">Aprendizagem significativa</subfield>
   </datafield>
   <datafield tag="653" ind2=" " ind1=" ">
      <subfield code="a">Ensino de zoologia</subfield>
   </datafield>
   <datafield tag="653" ind2=" " ind1=" ">
      <subfield code="a">Evolução biológica</subfield>
   </datafield>
   <datafield ind2="0" ind1="0" tag="245">
      <subfield code="a">O ensino de Zoologia evolutiva na educação básica : uma experiência desenvolvida nos primeiros anos do ensino fundamental</subfield>
   </datafield>
</record></metadata></record></GetRecord></OAI-PMH>